Chamonix - Choix multiples - Statistiques

Statistiques générales
  • Ce quiz a été pris 68 fois
    67 depuis la dernière actualisation
  • Le résultat moyen est 7 sur 10
Statistiques - réponses
Question Réponse % Correct
Quel est le plus haut sommet d'Europe occidentale, que l'on trouve sur la commune de Chamonix ? Le Mont Blanc
98%
Parmi les images suivantes, laquelle représente un aspect de Chamonix ?
93%
Quel cours d'eau traverse Chamonix ? L'Arve
92%
Quelle est la station thermale d'Italie que l'on peut rejoindre directement si depuis Chamonix, on passe dans le tunnel sous la montagne précédente ? Courmayeur
85%
En quelle année Chamonix organisa-t-elle les premiers Jeux olympiques d'hiver de l'histoire ? En 1924
78%
Quel massif s'élève en plusieurs pointes au-dessus de Chamonix dont la plus haute, la Pointe Walker, culmine à 4 206 ou 4 208 m ? Les Grandes Jorasses
71%
Reconnaissez-vous le massif précédent sur les photographies suivantes ?
51%
Qui est représenté par une statue installée au sommet du Mont Dolent à 3 819 m (ou 3823 m) d'altitude, sur le territoire de la commune de Chamonix ? La sainte Vierge Marie
51%
Lequel de ces romans ne se déroule pas à Chamonix ? La grande peur dans la montagne
39%
Quel ancien établissement religieux fondé par des Bénédictins du XIIe siècle à Chamonix donne son nom à un hôtel spa 4 étoiles dans la station ? Un prieuré
39%
Aucun quiz correspondant
Distribution des résultats
% des personnes avec chaque résultat
Percentile par nombre de réponses
Votre historique - résultats
Vous n’avez pas pris ce quiz depuis la dernière actualisation